000 004660000a22001690004500
003 MACL
005 20151222121719.0
008 151222b xxu||||| |||| 00| 0 eng d
040 _aMACL
_cEnglish
082 _a200/CHA
100 _aChalmers, Lord
_921779
245 _aBuddhas Teachings being the Sutta Nipata or Discourse Collection
260 _bHarvard University Press
_c1932
_aLondon
350 _a36
650 _aReligion
_921780
942 _cBK
_k200/CHA
_2ddc
999 _c40523
_d40523